El origen de la vida / (Registro nro. 7055)
[ vista simple ]
| 000 -LEADER | |
|---|---|
| fixed length control field | 01362nam a22002657a 4500 |
| 003 - CONTROL NUMBER IDENTIFIER | |
| control field | OSt |
| 005 - DATE AND TIME OF LATEST TRANSACTION | |
| control field | 20210106151115.0 |
| 008 - FIXED-LENGTH DATA ELEMENTS--GENERAL INFORMATION | |
| fixed length control field | 210106s1994 ck a|||gr|||| 00| 0 spa d |
| 020 ## - INTERNATIONAL STANDARD BOOK NUMBER | |
| International Standard Book Number | 9789583004193 |
| 040 ## - CATALOGING SOURCE | |
| Original cataloging agency | CO-JMCR |
| Transcribing agency | CO-JMCR |
| 041 0# - LANGUAGE CODE | |
| Language code of text/sound track or separate title | spa |
| 082 04 - DEWEY DECIMAL CLASSIFICATION NUMBER | |
| Classification number | 577 / |
| Item number | O611o |
| Edition number | 23 |
| 100 1# - MAIN ENTRY--PERSONAL NAME | |
| Personal name | Oparin, Alexandr Ivanovich, |
| Relator term | autor |
| 9 (RLIN) | 12729 |
| 245 13 - TITLE STATEMENT | |
| Title | El origen de la vida / |
| Statement of responsibility, etc. | Alexandr Ivanovich Oparin |
| 260 ## - PUBLICATION, DISTRIBUTION, ETC. | |
| Place of publication, distribution, etc. | Bogotá : |
| Name of publisher, distributor, etc. | Panamericana, |
| Date of publication, distribution, etc. | 1994 |
| 300 ## - PHYSICAL DESCRIPTION | |
| Extent | 130 páginas : |
| Other physical details | ilustraciones a blanco y negro ; |
| Dimensions | 20 cm. |
| 490 ## - SERIES STATEMENT | |
| Series statement | Ensayos |
| 505 0# - FORMATTED CONTENTS NOTE | |
| Formatted contents note | La lucha del materialismo contra el idealismo y la religión en torno al apasionante y discutido problema del origen de la vida -- Origen primitivo de las sustancias orgánicas más simples: los hidrocarburos y sus derivados -- Origen de las proteínas primitivas -- Origen de las primitivas formaciones coloidales -- Organización del protoplasma vivo -- Origen de los organismos primitivos |
| 520 0# - SUMMARY, ETC. | |
| Summary, etc. | A diferencia de Darwin, de cuya teoría se había nutrido desde muy joven, Oparin consideraba difícil que un organismo se constituyera solo a partir de dióxido de carbono, nitrógeno y agua. |
| 650 24 - SUBJECT ADDED ENTRY--TOPICAL TERM | |
| Topical term or geographic name entry element | Vida |
| General subdivision | Origen |
| 9 (RLIN) | 12730 |
| 650 24 - SUBJECT ADDED ENTRY--TOPICAL TERM | |
| Topical term or geographic name entry element | Materia |
| General subdivision | Propiedades |
| 9 (RLIN) | 12731 |
| 650 24 - SUBJECT ADDED ENTRY--TOPICAL TERM | |
| Topical term or geographic name entry element | Química |
| General subdivision | física y teórica |
| 9 (RLIN) | 12732 |
| 650 24 - SUBJECT ADDED ENTRY--TOPICAL TERM | |
| Topical term or geographic name entry element | Evolución molecular |
| 9 (RLIN) | 12733 |
| 942 ## - ADDED ENTRY ELEMENTS (KOHA) | |
| Source of classification or shelving scheme | Dewey Decimal Classification |
| Koha item type | Books |
| Withdrawn status | Lost status | Source of classification or shelving scheme | Damaged status | Not for loan | Home library | Current library | Shelving location | Date acquired | Source of acquisition | Total Checkouts | Full call number | Barcode | Date last seen | Copy number | Price effective from | Koha item type |
|---|---|---|---|---|---|---|---|---|---|---|---|---|---|---|---|---|
| Dewey Decimal Classification | Biblioteca Pública José María del Castillo y Rada | Biblioteca Pública José María del Castillo y Rada | General Stacks | 12/16/2020 | Donación | 577 / O611o | 201810181 | 05/16/2024 | Ej.1 | 12/16/2020 | Books |